000 00668nas a2200241 4500
001 BR4500135
003 BR-BrBNA
005 20231205081840.0
007 ta
008 230509b bl.|||p| |||| 00| 00por d
040 _aBR-BrBNA
_bpor
_cBiblioteca Nacional de Agricultura
041 _a(Pt)
072 _aQ10
100 1 _aSilveira, A.H. da
245 1 _aIndustrializacao de hortalicas
650 _aHORTALICA
650 _aSUCO
650 _aALIMENTO DESIDRATADO
650 _aCONSERVA
773 0 _tRevista Ceres (Brazil)
_xISSN 0034-737X
_g(Nov-Dec 1945), v. 6(36) p. 383-385
_wBR4500135
909 _a202311
_bLúcia
_c55
_dLúcia Elande
942 _2AGRIS
_n0
_cANA
999 _c87308
_d87308